000 01215nam a2200313 i 4500
001 186765
003 SpMaBN
005 20251003152526.0
008 170213s2011 sp |||| |dval
020 _a978-84-608-1246-3
080 _a821.134.1'282(460.31) Valor, Enric 1.07
245 0 0 _aNova reflexió sobre l'obra d'Enric Valor /
_cedició a cura de Gemma Lluch i Josep M. Baldaquí.
250 _a1ª ed.
260 _aAlacant :
_bInstitut Interuniversitari de Filologia Valenciana,
_c2011.
300 _a146 p. ;
_c23 cm.
490 1 _aSymposia philologica ;
_v20
504 _aBibliografía: p. [137]-147.
546 _aTexto en valenciano.
600 1 7 _aValor, Enric-
_xCrítica e interpretación.
_9161721
700 1 _aLluch, Gemma,
_d1958-
_9161722
700 1 _aBaldaquí Escandell, Josep M.
_9161723
710 2 _aInstitut Interuniversitari de Filologia Valenciana.
_9161724
830 0 _aSymposia philologica ;
_v20
_9192597
852 _aES-MaACL
_jA-14031
_9193822
_bR.151342
_cDEPO1
_dOlim: N-7031
_hDonación: Real Academia Española
914 _96336
_aReal Academia Española
_ednr
942 _2udc
_cMONOGRAFIA
999 _c186765
_d186765